Minecraft End Poem - Statistics

General Stats
  • This quiz has been taken 5 times
  • The average score is 10 of 173
Answer Stats
% Correct
I like this {player}. It played well. It did not give up.
67%
in the days when those who did not {play} called the players
67%
I see the {player} you mean.
67%
"Player Name". {Player} of games.
67%
What did this {player} dream?
67%
Yes. {Player}...
67%
Yes. Take care. It has reached a higher {level} now. It can
67%
and the universe said I {love} you
33%
And yet they play the {game}.
33%
Does it know that we {love} it? That the universe is kind?
33%
{game}.
33%
It is reading our {thoughts} as though they were words on a
33%
It reads our {thoughts}.
33%
Made from nothing but milk and {love}.
33%
other {thing}
33%
{read} our thoughts.
33%
{screen}.
33%
That doesn't matter. It thinks we are part of the {game}.
33%
the world, through the scrolling words on a {screen} at the
33%
universe. And the player was {love}.
33%
were created, long before this game, in the {heart} of a star.
33%
your limbs return. {Yes}, move your fingers. Have a body again,
33%
a ball of blazing gas that was three {hundred} and thirty
0%
about to {dream} again
0%
achieve in the long dream of {life}, not the short dream of a
0%
and complicated. Sometimes it built a {model} of the universe in
0%
and sometimes the player believed the universe had {spoken}
0%
and {sometimes} the player believed the universe had spoken
0%
and sometimes the player believed the {universe} had spoken
0%
And the game was {over} and the player woke up from the
0%
And the player awoke, from the warm, dark {world} of its
0%
And the player was a new story, never told before, {written} in
0%
and the universe said everything you {need} is within you
0%
and the universe said I love you {because} you are love.
0%
and the universe said the {darkness} you fight is within you
0%
and the universe said the {light} you seek is within you
0%
and the universe said you are not {alone}
0%
and the {universe} said you are not separate from every
0%
and the universe said you are {stronger} than you know
0%
and the universe said you are the {daylight}
0%
and the universe said you are the {night}
0%
and the universe said {you} are the universe tasting itself,
0%
and the universe said you have played the game {well}
0%
And why does the universe touch your {skin}, and throw light
0%
are. Your body touching the {universe} again at every point,
0%
as though you were separate {things}. As though we were
0%
before, generated by a sourcecode a billion {years} old. And
0%
boiling its planets to plasma in order to be {visible} for a
0%
But it would be so {easy} to tell them...
0%
But not the {truth}.
0%
But there are {times} it is sad, in the long dream. It creates
0%
{created} by...
0%
created by a man called {Markus}, that exists inside a small,
0%
death was a {temporary} inconvenience.
0%
decoded meaning into {feelings}, emotions, theories, ideas, and
0%
Decoded them into words; decoded words into {meaning};
0%
dream. And the player began a {new} dream. And the player
0%
dreamed again, dreamed {better}. And the player was the
0%
dreamed it hunted, and was {hunted}. It dreamed of shelter.
0%
dream into another, then woke from that into a {third}.
0%
end of a {dream}
0%
energy that was made of offs and ons; {zeros} and ones; lines
0%
eye might be a star a million times as massive as the {sun},
0%
Father sun, mother moon. Ancestral spirits, animal {spirits}.
0%
fold of the [scrambled], and {created} a [scrambled] for
0%
Give it a {body}, again.
0%
{Good}.
0%
Hah, the original interface. A {million} years old, and it still
0%
help them to speak the {word} they fear.
0%
hundred and fifty million {kilometres} away.
0%
information from a star, and it could {burn} your skin from a
0%
in the {dream} of a game.
0%
I shall tell you a {story}.
0%
It {cannot} read that thought.
0%
It dreamed it {created}. And it dreamed it destroyed. It
0%
its head; flecks of energy, moving through vast empty {spaces}.
0%
its own private task. {We} cannot interfere.
0%
It worked, with a million others, to sculpt a true {world} in a
0%
I will not tell {the} player how to live.
0%
I will tell the player a {story}.
0%
I {wish} to tell them that they are [scrambled] in the [scrambled].
0%
Jinn. Ghosts. The green man. Then gods, demons. {Angels}.
0%
leaves of the {summer} trees
0%
Let's go {back}.
0%
Let's {go} further back.
0%
letters of {DNA}. And the player was a new program, never run
0%
moment to the player, walking {home} at the far side of the
0%
mother's body, into the long {dream}.
0%
moves through a {story}, which is a forest of information
0%
No. A story that {contains} the truth safely, in a cage of
0%
No. It has not yet achieved the {highest} level. That, it must
0%
not been {real}, the player was alive
0%
nothing but {milk} and love.
0%
of a world that was flat, and infinite. The {sun} was a square
0%
of {code}. Sometimes it believed it was playing a game.
0%
of white. The days were {short}; there was much to do; and
0%
Once upon a {time}, there was a player.
0%
on you? To see you, player. To know you. And to be {known}.
0%
places. Sometimes these dreams were {disturbing}. Sometimes
0%
planted by a man called {Julian}, on a flat, infinite world
0%
{Poltergeists}. Aliens, extraterrestrials. Leptons, quarks.
0%
prevent them {living}.
0%
{private} world created by the player, who inhabits a universe
0%
realised it was alive, it was alive, those thousand {deaths} had
0%
{reality} behind the screen?
0%
rivers, in the {air}, in the ground. A woman gathered the atoms;
0%
[scrambled], {in} the [scrambled].
0%
{separate} things.
0%
she drank and ate and inhaled; and the {woman} assembled
0%
Shush. Sometimes the player created a {small}, private world
0%
Shush... Sometimes the player read {lines} of code on a screen.
0%
Sometimes I do not care. {Sometimes} I wish to tell them, this
0%
Sometimes it believed it was in a universe that was {made} of
0%
Sometimes it {believed} it was reading words on a screen.
0%
Sometimes it called them "planets" and "{stars}".
0%
Sometimes it called those flecks "electrons" and "{protons}".
0%
Sometimes it thought itself {human}, on the thin crust of a
0%
Sometimes the player dreamed it was a {miner}, on the surface
0%
Sometimes the player dreamed it was {lost} in a story.
0%
Sometimes the player {dreamed} it was other things, in other
0%
Sometimes the player dreamed it watched {words} on a screen.
0%
Sometimes, through the noise of its thoughts, it {hears} the
0%
Sometimes when they are deep in dreams, I want to {tell} them,
0%
So the player, too, is information from a {star}. And the player
0%
spinning globe of molten rock. The ball of {molten} rock circled
0%
sun, and it takes its sad {creation} for reality.
0%
Take a {breath}, now. Take another. Feel air in your lungs. Let
0%
talking to itself, reading its own {code}
0%
tell them of their {importance} to the universe. Sometimes, when
0%
terrifying than staring at the {reality} behind the screen.
0%
That is how it chooses to {imagine} many things, when it is deep
0%
that light took eight {minutes} to cross the gap. The light was
0%
that was soft and warm and simple. Sometimes hard, and {cold},
0%
The {atoms} of the player were scattered in the grass, in the
0%
the player, in her {body}.
0%
The player is {growing} restless.
0%
the player started to {breathe} faster and deeper and
0%
the player was a new human, never {alive} before, made from
0%
The player {was} you, "Player Name".
0%
The {seven} billion billion billion atoms of the player's body
0%
The words change. We do not {change}.
0%
they are building true worlds in reality. {Sometimes} I want to
0%
they have not made a true {connection} in a while, I want to
0%
They see so little of reality, in their {long} dream.
0%
They used to hear {voices}. Before players could read. Back
0%
This player dreamed of {sunlight} and trees. Of fire and water.
0%
thousand times more massive than it. They were so far {apart}
0%
through the air, on sticks powered by {demons}.
0%
To cure it of sorrow would {destroy} it. The sorrow is part of
0%
to it through the light that fell from the crisp night {sky} of
0%
to it through the {sunlight} that came through the shuffling
0%
to it through the zeros and {ones}, through the electricity of
0%
Too strong for this dream. To tell them how to {live} is to
0%
under gravity, in air. Respawn in the long dream. There {you}
0%
{universe}, suddenly smelling food, almost at the familiar door,
0%
{universe}, yes.
0%
Use its {name}.
0%
very {beautiful} indeed. Sometimes the player woke from one
0%
{Wake} up.
0%
We are the universe. We are {everything} you think isn't you.
0%
Who are we? Once we were {called} the spirit of the mountain.
0%
winter, where a fleck of light in the {corner} of the player's
0%
witches, and warlocks. And {players} dreamed they flew
0%
{Words} make a wonderful interface. Very flexible. And less
0%
words. Not the naked {truth} that can burn over any distance.
0%
works. But what true {structure} did this player create, in the
0%
worlds that have no {summer}, and it shivers under a black
0%
world you take for {truth} is merely [scrambled] and [scrambled],
0%
You are looking at us now, through your skin and your {eyes}.
0%
{You} are the player.
0%
You {are} the player, reading words...
0%
You are the player. The {story}. The program. The human.
0%
You. You. You are {alive}.
0%
No matching quizzes found
Score Distribution
Percent of People with Each Score
Percentile by Number Answered
Your Score History
You have not taken this quiz